000 00755nam a22001817a 4500
999 _c370790
_d370790
008 201130b ||||| |||| 00| 0 eng d
040 _bger
_cDE-2950
_erda
_aDE-2950
041 _ager
245 _aFür den Filmpreis nominiert.
_b[Anfang dieses Jahres hatte das Brandenburgische Staatsorchester Frankfurt den von Karim Sebastian Elias komponierten Soundtrack für den ZDF-Mehrteiler Ku'damm 63 eingespielt]
264 _c2021
653 _aFrankfurt (Oder)
653 _aBrandenburgisches Staatsorchester
773 _dFrankfurt (Oder): Märkisches Verlags- und Druckhaus GmbH & Co KG
_g32. Jahrgang (2021) Nr. 211 vom 10.09.2021, S. 13
_tMärkische Oderzeitung
942 _cA